000 01556cam a22004574i 4500
003 PE-LiUPU
005 20250731173506.0
008 150616s1995 sp r 000 0 spa d
020 _a848169018X
035 _a(Sirsi) i9788481690187
040 _aPE-LiUPU
_bspa
_cPE-LiUPU
_erda
049 _aPRUA
082 0 4 _a228.077
_bA38
_221
100 1 _aAlfaro, Juan Ignacio,
_eautor.
245 1 4 _aUna Clave Para el Futuro? :
_bPreguntas y respuestas sobre el Apocalipsis /
_cJuan Ignacio Alfaro.
264 1 _aEstella, España :
_bEditorial Verbo Divino,
_c1995.
300 _a150 páginas ;
_c20 centímetros
336 _atext
_2rdacontent
337 _aunmediated
_2rdamedia
338 _avolume
_2rdacarrier
505 0 _aComentarios del Apocalipsis.
526 _aSEG42
526 _aSEG41
526 _aSEG40
526 _aSEG39
526 _aP94
526 _aP87
526 _aP86
526 _aP85
526 _aP77
526 _aP76
526 _aP35
630 0 4 _aBiblia.
_pN.T.
_pApocalipsis
_xComentarios.
910 _ajck
_bjvq
_cjck
942 _2ddc
_cBOOK
949 _a228.077 A38
_wDEWEY
_c1
_i40486
_d2016-6-21
_e2016-6-20
_lCCODEBUL1
_mBUL
_n1
_r0
_sY
_tBOOK
_u2015-6-16
_xTEOLOGIA
_zUNKNOWN
_0COMPRA
_o.STAFF. Colección Teología
994 _aC0
_bPEPRU
596 _a1
999 _a228.077 A38
_wDEWEY
_c58277
_i40486
_d58277
_e2016-6-20
_f2021-11-9
_g5
_lCCODEBUL1
_mBUL
_n1
_p36.00
_q1
_r0
_sY
_tBOOK
_u2015-6-16
_xTEOLOGIA
_PP35
_0COMPRA
_o.STAFF. Colección Teología
980 _81
_gALBERTO SANCHEZ Responsable de Automatización